[Event "DOM-ch"]
[Site "Santo Domingo"]
[Date "2021.05.23"]
[Round "11"]
[White "Soriano Paulino, Junior Emmanuel"]
[Black "De la Rosa Brito, Willy"]
[Result "0-1"]
[WhiteElo "1916"]
[BlackElo "1979"]
[PlyCount "37"]
[EventDate "2021.05.07"]
[EventType "swiss"]
[EventRounds "11"]
[EventCountry "DOM"]
[SourceTitle "CBM 203 Extra"]
[Source "ChessBase"]
[SourceDate "2021.09.30"]
[SourceVersion "1"]
[SourceVersionDate "2021.09.30"]
[SourceQuality "1"]

1. e4 c5 2. c3 Nc6 3. g3 g6 4. Bg2 Bg7 5. Ne2 e6 6. d3 Nge7 7. Be3 d6 8. 0-0 0-0 9. d4 cxd4 10. Nxd4 a6 11. a4 Qc7 12. Qd2 Ne5 13. b3 Ng4 14. Bg5 h6 15. Bxe7 Qxe7 16. Rc1 h5 17. f4 Qc7 18. h3 Qc5 19. Qe2 0-1

[Event "DOM-ch"]
[Site "Santo Domingo"]
[Date "2021.05.07"]
[Round "1"]
[White "Soriano Paulino, Junior Emmanuel"]
[Black "Dominguez, Jose Manuel"]
[Result "0-1"]
[WhiteElo "1916"]
[BlackElo "2157"]
[PlyCount "54"]
[EventDate "2021.05.07"]
[EventType "swiss"]
[EventRounds "11"]
[EventCountry "DOM"]
[SourceTitle "CBM 203 Extra"]
[Source "ChessBase"]
[SourceDate "2021.09.30"]
[SourceVersion "1"]
[SourceVersionDate "2021.09.30"]
[SourceQuality "1"]

1. e4 Nc6 2. Nf3 d5 3. exd5 Qxd5 4. Nc3 Qa5 5. d4 Bg4 6. Bb5 e6 7. Bd2 Bb4 8. Qe2 Nge7 9. a3 0-0-0 10. 0-0-0 Nxd4 11. Qc4 Bxf3 12. gxf3 Bxc3 13. Bxc3 Qxb5 14. Rxd4 Qxc4 15. Rxc4 Nf5 16. Rg1 Rd5 17. Bxg7 Rg8 18. Rcg4 h5 19. Rg5 Nd4 20. Bf6 Rgxg5 21. Rxg5 Rxg5 22. Bxg5 Nxf3 23. Bf4 e5 24. Bh6 Nxh2 25. Bg7 Nf3 26. Kd1 h4 27. Bh6 h3 0-1